Informácie - nevyhnutný zdroj trvalej prosperity poisťovní

Poukázanie na význam a dôležitosť informácií o systéme (evidencia - interné informácie). Vedomosti, informácie a znalosti považované ako faktor úspechu. Využívanie informácií na finančnom a poistnom trhu. World Insurance Network (WIN) svetová poisťovacia sieť. Data Warehouse - centralizované uchováv...

Ausführliche Beschreibung

Gespeichert in:
Bibliographische Detailangaben
1. Verfasser: Kafková, Eva
Format: Buchkapitel
Sprache:Slowakisch
Schlagworte:
Tags: Tag hinzufügen
Keine Tags, Fügen Sie das erste Tag hinzu!

MARC

LEADER 00000naa a2200000 4500
001 r036868
005 20230918102410.9
041 0 |a slo 
044 |a SK 
245 1 0 |a Informácie - nevyhnutný zdroj trvalej prosperity poisťovní  |c Eva Kafková 
520 |a Poukázanie na význam a dôležitosť informácií o systéme (evidencia - interné informácie). Vedomosti, informácie a znalosti považované ako faktor úspechu. Využívanie informácií na finančnom a poistnom trhu. World Insurance Network (WIN) svetová poisťovacia sieť. Data Warehouse - centralizované uchovávanie dát, možnosti využitia tejto siete. 
610 2 0 |a informácie 
610 2 0 |a trh finančný 
610 2 0 |a trh poistný 
610 2 0 |a zdroje informácií 
610 2 0 |a siete počítačové 
610 2 0 |a World Insurance Network 
610 2 0 |a Data Warehouse 
610 2 0 |a sklad dát 
100 1 |a Kafková, Eva